000 00267nam a2200109Ia 4500
008 191201s2013 xx 000 0 und d
100 _aKOEGELBUFORD, John F
245 0 _aMultimedia Systems
250 _aIMP14th
260 _c2013
_bPearson
_aNew Delhi
942 _2ddc
_cBK
999 _c7941
_d7941